000
00287nam a2200121 a 4500
005
20140513081050.0
008
020606s19uu xx 00 eng d
050
_a
P 991
_b
NAT 1988
245
_a
Lupang hinirang.
650
_a
National Anthem--Poster
650
_a
Chart
999
_c
116265
_d
116265